[Event "Barcelona Sant Marti op-B 23rd"]
[Site "Barcelona"]
[Date "2023.07.16"]
[Round "4"]
[White "Lopez Capape, Armando"]
[Black "Perez Garcia, Jose Miguel"]
[Result "0-1"]
[WhiteElo "1746"]
[BlackElo "1899"]
[PlyCount "72"]
[EventDate "2023.07.13"]
[EventType "swiss"]
[EventRounds "9"]
[EventCountry "ESP"]
[SourceTitle "CBM 215 Extra"]
[Source "ChessBase"]
[SourceDate "2023.09.30"]
[SourceVersion "1"]
[SourceVersionDate "2023.09.30"]
[SourceQuality "1"]

1. c4 Nf6 2. Nc3 g6 3. g3 Bg7 4. Bg2 0-0 5. e4 d6 6. Nge2 c5 7. 0-0 Nc6 8. a3 Ne8 9. Rb1 a5 10. d3 Nc7 11. Be3 Ne6 12. Nb5 Rb8 13. Qd2 Bd7 14. a4 Ned4 15. b3 b6 16. Nbxd4 cxd4 17. Bh6 e5 18. Bxg7 Kxg7 19. f4 f6 20. h3 Qe7 21. Kh2 Nb4 22. g4 Na6 23. Rbe1 Rbc8 24. Kg3 Nc5 25. Nc1 Bc6 26. h4 exf4+ 27. Qxf4 g5 28. Qd2 Qe5+ 29. Kh3 h5 30. Bf3 Ne6 31. Ne2 gxh4 32. gxh5 Ng5+ 33. Kg2 Ne6 34. Bg4 f5 35. Bh3 Kh7 36. Kg1 Rg8+ 0-1

[Event "Laujar de Andarax op 1st"]
[Site "Laujar de Andarax"]
[Date "2021.10.10"]
[Round "4"]
[White "Winkel, Peter"]
[Black "Perez Garcia, Jose Miguel"]
[Result "1-0"]
[WhiteElo "2247"]
[BlackElo "1917"]
[PlyCount "131"]
[EventDate "2021.10.08"]
[EventType "swiss"]
[EventRounds "7"]
[EventCountry "ESP"]
[SourceTitle "EXT 2023"]
[Source "ChessBase"]
[SourceDate "2022.10.05"]
[SourceVersion "1"]
[SourceVersionDate "2022.10.05"]
[SourceQuality "1"]

1. Nf3 Nf6 2. g3 g6 3. b3 Bg7 4. Bb2 0-0 5. Bg2 d5 6. c4 dxc4 7. bxc4 c5 8. 0-0 Nc6 9. Ne5 Nxe5 10. Bxe5 Ne8 11. Bxg7 Nxg7 12. d3 Rb8 13. Nc3 Bd7 14. Rb1 b6 15. a4 Qc7 16. Nb5 Bxb5 17. Rxb5 Rfd8 18. Qd2 Nf5 19. Rb2 Nd4 20. Rfb1 Nc6 21. Bxc6 Qxc6 22. a5 Qc7 23. Rb5 Rd6 24. Qb2 Re6 25. Rb3 Rf6 26. Ra1 Re6 27. Rb5 Rf6 28. axb6 axb6 29. Rb3 Re6 30. Rba3 Qe5 31. Qxe5 Rxe5 32. R1a2 Re6 33. Ra7 Kg7 34. Rc7 Rd8 35. Kf1 Kf6 36. Raa7 h5 37. f4 Re8 38. e4 Kg7 39. Ke2 f6 40. Rcb7 Kf7 41. Ra6 Rc8 42. Rbxb6 Rxb6 43. Rxb6 Ra8 44. Rb5 Ra2+ 45. Kf3 Rxh2 46. Rxc5 h4 47. gxh4 Rxh4 48. Rd5 Rh1 49. c5 Ke6 50. Rd8 Rf1+ 51. Ke2 Rc1 52. d4 g5 53. fxg5 fxg5 54. Kd2 Rc4 55. Kd3 Rc1 56. c6 g4 57. d5+ Ke5 58. Rg8 Kf4 59. Rf8+ Kg3 60. Kd4 Kh2 61. Rh8+ Kg2 62. Ke5 g3 63. Ke6 Rh1 64. Rxh1 Kxh1 65. c7 g2 66. c8Q 1-0

[Event "Mislata op 54th"]
[Site "Mislata"]
[Date "2021.08.19"]
[Round "6"]
[White "Perez Garcia, Jose Miguel"]
[Black "Guardiola Guillot, Lucas"]
[Result "1/2-1/2"]
[WhiteElo "1898"]
[BlackElo "2047"]
[PlyCount "22"]
[EventDate "2021.08.16"]
[EventType "swiss"]
[EventRounds "9"]
[EventCountry "ESP"]
[SourceTitle "CBM 203 Extra"]
[Source "ChessBase"]
[SourceDate "2021.09.30"]
[SourceVersion "1"]
[SourceVersionDate "2021.09.30"]
[SourceQuality "1"]

1. Nf3 e6 2. c4 Nf6 3. g3 d5 4. Bg2 c6 5. Qc2 dxc4 6. Qxc4 b5 7. Qc2 Bb7 8. 0-0 Be7 9. d4 Nbd7 10. a4 0-0 11. e4 a5 1/2-1/2

[Event "Mislata op 54th"]
[Site "Mislata"]
[Date "2021.08.18"]
[Round "4"]
[White "Perez Garcia, Jose Miguel"]
[Black "Gavarrete, Nahun"]
[Result "1/2-1/2"]
[WhiteElo "1898"]
[BlackElo "2325"]
[PlyCount "132"]
[EventDate "2021.08.16"]
[EventType "swiss"]
[EventRounds "9"]
[EventCountry "ESP"]
[SourceTitle "CBM 203 Extra"]
[Source "ChessBase"]
[SourceDate "2021.09.30"]
[SourceVersion "1"]
[SourceVersionDate "2021.09.30"]
[SourceQuality "1"]

1. c4 Nf6 2. Nc3 g6 3. Nf3 Bg7 4. d4 0-0 5. e4 d6 6. Be2 Nbd7 7. 0-0 e5 8. d5 Nc5 9. Bg5 a5 10. Nd2 h6 11. Bh4 g5 12. Bg3 Nfxe4 13. Ndxe4 Nxe4 14. Nxe4 f5 15. f3 fxe4 16. fxe4 Rxf1+ 17. Kxf1 Qf6+ 18. Kg1 Qg6 19. Bd3 Bd7 20. b3 g4 21. Qe2 h5 22. Rf1 Qg5 23. Qf2 Rf8 24. Qe1 Rxf1+ 25. Bxf1 Bf6 26. Bf2 b6 27. Be3 Qg7 28. Qd2 Be8 29. Bh6 Qe7 30. Bd3 Bg6 31. Be3 Qh7 32. Qc2 Bg7 33. Bg5 Bf8 34. Qe2 Bh6 35. Qe3 Kg7 36. Bxh6+ Qxh6 37. Qxh6+ Kxh6 38. g3 Kg5 39. Kf2 Kf6 40. Ke3 Be8 41. Kd2 Ke7 42. Kc3 Kd8 43. Bf1 c6 44. Be2 Kc7 45. a3 Bg6 46. Bd3 Bh7 47. Kc2 Bg8 48. Kc3 Bf7 49. Kc2 b5 50. Kc3 bxc4 51. Bxc4 cxd5 52. exd5 Kb6 53. b4 Bg6 54. Kd2 Bh7 55. Kc3 Bf5 56. Kd2 Be4 57. Kc3 Bf3 58. Kd2 Bh1 59. Kc3 Be4 60. Kd2 a4 61. Kc3 Bf3 62. Kd2 Bg2 63. Kc3 Bh1 64. Kd2 Bf3 65. Kc3 Be4 66. Kd2 Bf3 1/2-1/2

[Event "Anti Cheating Blitz Cup"]
[Site "Chess.com INT"]
[Date "2020.05.20"]
[Round "4"]
[White "Ayats Llobera, Gerard"]
[Black "Perez Garcia, Jose Miguel"]
[Result "1-0"]
[WhiteElo "2376"]
[BlackElo "1921"]
[PlyCount "73"]
[EventDate "2020.05.20"]
[EventType "swiss (blitz)"]
[EventRounds "11"]
[EventCountry "USA"]
[SourceTitle "CBM 196 Extra"]
[Source "ChessBase"]
[SourceDate "2020.07.31"]
[SourceVersion "1"]
[SourceVersionDate "2020.07.31"]
[SourceQuality "1"]

1. d4 d5 2. c4 c6 3. Nf3 Nf6 4. e3 Nbd7 5. Nc3 e6 6. Bd3 dxc4 7. Bxc4 b5 8. Bd3 a6 9. 0-0 c5 10. a4 b4 11. Ne4 Bb7 12. Nxf6+ Nxf6 13. Qe2 Be7 14. dxc5 Bxc5 15. Rd1 Qe7 16. b3 0-0 17. Bb2 Rfd8 18. Ne5 Nd5 19. Qh5 Nf6 20. Qh4 h6 21. Ng4 Nxg4 22. Qxg4 e5 23. Qf5 g6 24. Qxe5 Qxe5 25. Bxe5 Bd5 26. Bc2 Be6 27. Rxd8+ Rxd8 28. Rd1 Rc8 29. Rb1 Bxe3 30. Bd3 Bc5 31. Bxa6 Bf8 32. Bxc8 Bxc8 33. a5 Ba6 34. Rc1 Bg7 35. Bxg7 Kxg7 36. Rc6 Bd3 37. a6 1-0

[Event "Benidorm op U2000 18th"]
[Site "Benidorm"]
[Date "2019.12.03"]
[Round "5"]
[White "Martinez Rodriguez, Eugenio"]
[Black "Perez Garcia, Jose Miguel"]
[Result "1/2-1/2"]
[WhiteElo "1777"]
[BlackElo "1920"]
[PlyCount "51"]
[EventDate "2019.11.29"]
[EventType "swiss"]
[EventRounds "10"]
[EventCountry "ESP"]
[SourceTitle "EXT 2022"]
[Source "ChessBase"]
[SourceDate "2021.10.06"]
[SourceVersion "1"]
[SourceVersionDate "2021.10.06"]
[SourceQuality "1"]

1. e4 c5 2. Nf3 e6 3. d4 cxd4 4. Nxd4 a6 5. Nc3 b5 6. a3 Bb7 7. Qd3 Nc6 8. Nxc6 dxc6 9. Qg3 Rc8 10. Bd3 c5 11. e5 Ne7 12. Bg5 h6 13. Bxe7 Qxe7 14. Ne4 Bxe4 15. Bxe4 Rc7 16. Qf3 Qg5 17. Bc6+ Ke7 18. Qe4 Qf5 19. f4 g5 20. Qxf5 exf5 21. Bd5 Bg7 22. g3 Rd8 23. 0-0-0 Rcd7 24. Bc6 Rxd1+ 25. Rxd1 Rxd1+ 26. Kxd1 1/2-1/2

[Event "Barcelona Sant Marti op-B 21st"]
[Site "Barcelona"]
[Date "2019.07.18"]
[Round "6"]
[White "Calafell Marques, Josep"]
[Black "Perez Garcia, Jose Miguel"]
[Result "0-1"]
[WhiteElo "1785"]
[BlackElo "1928"]
[PlyCount "120"]
[EventDate "2019.07.13"]
[EventType "swiss"]
[EventRounds "9"]
[EventCountry "ESP"]
[SourceTitle "EXT 2020"]
[Source "ChessBase"]
[SourceDate "2019.10.17"]
[SourceVersion "1"]
[SourceVersionDate "2019.10.17"]
[SourceQuality "1"]

1. e4 c5 2. Nc3 e6 3. Nf3 a6 4. g3 b5 5. Bg2 Bb7 6. 0-0 b4 7. Ne2 Bxe4 8. Re1 Nf6 9. d3 Bb7 10. Bf4 Be7 11. c3 0-0 12. d4 d5 13. Ne5 Nbd7 14. c4 Rc8 15. b3 cxd4 16. Nxd4 Nxe5 17. Bxe5 Bd6 18. Qe2 Bxe5 19. Qxe5 Qc7 20. Bf1 Qxe5 21. Rxe5 Rfd8 22. Nc2 a5 23. a3 Nd7 24. Re3 dxc4 25. Bxc4 Nb6 26. Bd3 Rc3 27. Rd1 Nd5 28. Be4 f5 29. Rxc3 bxc3 30. Bg2 Kf7 31. Rd4 Ke7 32. Bf1 Nb6 33. Bd3 g6 34. Rxd8 Kxd8 35. f4 Kc7 36. Kf2 Kd6 37. Nd4 Nd5 38. Ke2 e5 39. Nb5+ Ke6 40. fxe5 Kxe5 41. b4 axb4 42. axb4 Ba6 43. Na3 Nxb4 44. Bxa6 Nxa6 45. Kd3 Nc5+ 46. Kxc3 Ke4 47. Nc4 Kf3 48. Kd4 Ne4 49. Ne5+ Kg2 50. g4 Kxh2 51. gxf5 gxf5 52. Ke3 Kg3 53. Nf7 Nf6 54. Ng5 f4+ 55. Ke2 h6 56. Nf3 h5 57. Ng1 Ne4 58. Kf1 f3 59. Nxf3 Kxf3 60. Kg1 Kg3 0-1

[Event "Almansa op-B 13th"]
[Site "Almansa"]
[Date "2018.08.03"]
[Round "4.2"]
[White "Diaz Rodriguez, Jose Antonio"]
[Black "Perez Garcia, Jose Miguel"]
[Result "1-0"]
[WhiteElo "1991"]
[BlackElo "1910"]
[PlyCount "61"]
[EventDate "2018.08.02"]
[EventType "swiss"]
[EventRounds "7"]
[EventCountry "ESP"]
[SourceTitle "EXT 2024"]
[Source "ChessBase"]
[SourceDate "2023.10.10"]
[SourceVersion "1"]
[SourceVersionDate "2023.10.10"]
[SourceQuality "1"]

1. e4 c5 2. Nf3 d6 3. c3 Nf6 4. h3 g6 5. Bb5+ Nbd7 6. Qe2 Bg7 7. d4 0-0 8. e5 Nd5 9. e6 N7b6 10. exf7+ Rxf7 11. dxc5 dxc5 12. 0-0 Qc7 13. Na3 a6 14. Bd3 Nf4 15. Bxf4 Qxf4 16. Nc4 Nd5 17. Nce5 Rf8 18. Bc4 e6 19. a4 Qf5 20. Nd3 Kh8 21. a5 Nf4 22. Nxf4 Qxf4 23. Rfe1 e5 24. Nxe5 Bf6 25. Rad1 Bf5 26. Nd7 Kg7 27. Nxf6 Rxf6 28. Qe7+ Kh6 29. Qxf6 Qxc4 30. h4 Qg4 31. f3 1-0

[Event "Barcelona Sant Marti op-B 20th"]
[Site "Barcelona"]
[Date "2018.07.20"]
[Round "8"]
[White "Cano Sevila, Ivan"]
[Black "Perez Garcia, Jose Miguel"]
[Result "1-0"]
[WhiteElo "1948"]
[BlackElo "1891"]
[PlyCount "59"]
[EventDate "2018.07.13"]
[EventType "swiss"]
[EventRounds "9"]
[EventCountry "ESP"]
[SourceTitle "EXT 2019"]
[Source "ChessBase"]
[SourceDate "2018.10.10"]
[SourceVersion "1"]
[SourceVersionDate "2018.10.10"]
[SourceQuality "1"]

1. b3 d6 2. Bb2 Nd7 3. e3 Ngf6 4. Nf3 g6 5. Be2 Bg7 6. 0-0 0-0 7. d4 Ne4 8. Nbd2 Ndf6 9. c4 c5 10. Rc1 b6 11. d5 Bd7 12. Nxe4 Nxe4 13. Bxg7 Kxg7 14. Bd3 Nf6 15. e4 Bg4 16. h3 Bxf3 17. Qxf3 Nd7 18. Qe3 Ne5 19. Bc2 a6 20. Qc3 Kg8 21. f4 Nd7 22. e5 b5 23. Qg3 Kg7 24. h4 bxc4 25. bxc4 f5 26. exf6+ Rxf6 27. Rce1 Nf8 28. f5 Ra7 29. h5 Qe8 30. fxg6 1-0

[Event "Benidorm op U2000 16th"]
[Site "Benidorm"]
[Date "2017.12.08"]
[Round "9"]
[White "Cuellar Gutierrez, Raul"]
[Black "Perez Garcia, Jose Miguel"]
[Result "1/2-1/2"]
[WhiteElo "1923"]
[BlackElo "1959"]
[PlyCount "159"]
[EventDate "2017.12.01"]
[EventType "swiss"]
[EventRounds "10"]
[EventCountry "ESP"]
[SourceTitle "EXT 2019"]
[Source "ChessBase"]
[SourceDate "2018.10.10"]
[SourceVersion "1"]
[SourceVersionDate "2018.10.10"]
[SourceQuality "1"]

1. d4 Nf6 2. c4 g6 3. g3 Bg7 4. Bg2 0-0 5. Nf3 d6 6. 0-0 c6 7. Nc3 Qa5 8. e4 Bg4 9. h3 Bxf3 10. Qxf3 Nfd7 11. Qd3 c5 12. Be3 Nc6 13. dxc5 Nxc5 14. Bxc5 Qxc5 15. b3 Qa5 16. Rac1 Rfc8 17. a4 Nd4 18. Nd5 Kf8 19. Rfd1 Rab8 20. Qe3 Nc6 21. Kh2 Qc5 22. Qxc5 dxc5 23. f4 e6 24. Ne3 Bd4 25. Nc2 Rd8 26. e5 Bb2 27. Rb1 Rxd1 28. Rxd1 Rd8 29. Rxd8+ Nxd8 30. Be4 f6 31. exf6 Bxf6 32. Ne3 b6 33. h4 Nf7 34. h5 Nd6 35. Bc2 Bd4 36. Ng2 gxh5 37. Bxh7 Kg7 38. Bc2 Bf2 39. Nh4 Kf6 40. Kg2 Be1 41. Kf3 Nb7 42. Ng2 Bc3 43. Ke4 Bd4 44. Ne1 Bf2 45. Nd3 Bxg3 46. Ne5 h4 47. Kf3 Nd8 48. Be4 Be1 49. Kg4 Bd2 50. Nf3 Be3 51. Nxh4 Nf7 52. Nf3 Nh6+ 53. Kg3 Nf7 54. Kg4 Bd4 55. Bc2 Bc3 56. Kg3 Nh6 57. Kh3 Ng8 58. Kg4 Ne7 59. Ng5 Bb2 60. Ne4+ Kf7 61. Nd6+ Kg7 62. f5 Be5 63. Nb7 exf5+ 64. Bxf5 Kf6 65. Be4 Bc7 66. a5 Ke5 67. axb6 axb6 68. Kf3 Ng8 69. Ke3 Nf6 70. Bf3 Ke6 71. Bc6 Ng4+ 72. Kd2 Ne5 73. Bd5+ Kd7 74. Kc3 Ng6 75. b4 Be5+ 76. Kb3 cxb4 77. Kxb4 Ne7 78. Bg2 Kc7 79. c5 bxc5+ 80. Nxc5 1/2-1/2